| 000 | 00548nam a22001817a 4500 | ||
|---|---|---|---|
| 999 |
_c13277 _d13277 |
||
| 003 | AR-CdUCM | ||
| 008 | 190411b ||||| |||| 00| 0 spa d | ||
| 040 |
_aMUNICIPALIDAD PROVINCIAL DEL CUSCO _cBIBLIOTECA MUNICIPAL DEL CUSCO |
||
| 082 |
_a843 / _bV15 / 1933 |
||
| 100 |
_aVallant - Couturier, Paul _931609 |
||
| 245 | _aJuan Sin Pan / | ||
| 260 |
_aChile : _bDocumentos, _c1933. |
||
| 300 |
_a46 páginas ; _bgrabados. _c21 cm. |
||
| 650 |
_aObra literaria. _9308 |
||
| 650 |
_aLiteratura. _983 |
||
| 942 |
_2ddc _cLIBROS |
||
| 945 |
_awfj _d2019-04-11 |
||